Catalogo de estadisticas publicadas en la republica argentina. tomo 2 /

Guardado en:
Autor Principal: Boeri, Lelia I.
Formato: Libro
Publicado: Buenos Aires : Centro De Investigaciones Economicas Instituto Torcuato Di Te, 1966
Materias:
Etiquetas: Agregar Etiqueta
Sin Etiquetas, Sea el primero en etiquetar este registro!
LEADER 00551nam a22001455a 4500
001 EHU.bham000176
003 AR-BHAM
005 20070305183101.0
008 130507s1966##################000#0#####d
082 0 1 |a 016.31 
100 1 |a Boeri, Lelia I. 
245 1 0 |a Catalogo de estadisticas publicadas en la republica argentina. tomo 2 /  |c Lelia I. Boeri. 
260 |a Buenos Aires :  |b Centro De Investigaciones Economicas Instituto Torcuato Di Te,  |c 1966 
653 |a Bibliografia sobre estadistica 
859 |a AR-BHAM  |b BIB. HUMANIDADES - General  |h 016.31  |i B633  |p 623.70  |t Ej.1  |v II  |3 II